Carbon nanotubes/carbon black synergistic reinforced natural rubber composites (Record no. 55156)

MARC details
000 -LEADER
fixed length control field 00497nam a2200181Ia 4500
100 ## - MAIN ENTRY--AUTHOR NAME
Personal name Yan N.
245 #0 - TITLE STATEMENT
Title Carbon nanotubes/carbon black synergistic reinforced natural rubber composites
260 ## - PUBLICATION, DISTRIBUTION, ETC. (IMPRINT)
Name of publisher Plastics, Rubber and Composites
Year of publication 2009
300 ## - PHYSICAL DESCRIPTION
Number of Pages 290-296
650 ## - SUBJECT ADDED ENTRY--TOPICAL TERM
Topical Term Carbon nanotubes
650 ## - SUBJECT ADDED ENTRY--TOPICAL TERM
Topical Term Natural rubber
650 ## - SUBJECT ADDED ENTRY--TOPICAL TERM
Topical Term Synergistic effect
700 ## - ADDED ENTRY--PERSONAL NAME
Personal name Wu J.K.
700 ## - ADDED ENTRY--PERSONAL NAME
Personal name Xia H.S.
700 ## - ADDED ENTRY--PERSONAL NAME
Personal name Zhan Y.H.
942 ## - ADDED ENTRY ELEMENTS (KOHA)
Koha item type Journals
Holdings
Withdrawn status Lost status Damaged status Not for loan Home library Current library Date acquired Serial Enumeration / chronology Koha item type
      Journals RRII Library RRII Library 21/12/2009 Volume 38, Issue 7 Journals